000 01090cam a22002771 4500
001 gs 38000069
003 DLC
005 20260227111342.0
008 720317s1937 oncbf b 000 0 eng
010 _ags 38000069
035 _a(OCoLC)265268
040 _aDLC
_cOAkU
_dNSbSU
_dDLC
050 0 0 _aQE185
_b.A2 no. 206
051 _aQE193
_b.G8
100 1 _aGunning, Henry Cecil,
_d1901-
245 1 0 _aCadillac area, Quebec,
_cby H.C. Gunning.
260 _aOttawa,
_bJ.O. Patenaude, printer to the King,
_c1937.
300 _a80 p.
_bincl. tables, diagr. 7 plates (incl. col. front.) 2 fold maps (in pocket)
_c25 cm.
490 1 _aGeological Survey of Canada. Memoir
_v206
500 _aAt head of title: Canada. Department of mines and resources. Mines and geology branch. Bureau of geology and topography. Geological survey.
500 _aIn lower right corner of t.-p.: no.2434.
500 _aErrata slip inserted.
504 _a"Selected references": p.2.
650 0 _aGeology
_zQuébec (Province)
_zCadillac area.
830 0 _aMemoir (Geological Survey of Canada) ;
_v206
999 _c27419
_d27419